000 004780000a22001690004500
041 0 _aENG
082 0 4 _aG 269 R6431r
100 1 _aRoberts, W. Dayton
245 1 0 _aRevolution in evangelism : The story of evangelism-in-depth in Latin America / W. Dayton Roberts
260 _aChicago, ILL., USA : Moody
300 _a127 Pag
001 8097
942 _cBK
999 _c38294
_d38294
336 _atexto
_btxt
_2rdacontent
337 _2rdamedia
_asin mediación
_bn
338 _2rdacarrier
_avolumen
_bnc